Tendencias modernas de educación continua y el e-learning

Uloženo v:
Podrobná bibliografie
Médium: Text
Témata:
Tagy: Přidat tag
Žádné tagy, Buďte první, kdo vytvoří štítek k tomuto záznamu!

MARC

LEADER 00000 a a2200000 04500
001 14154
003
040
245 |a Tendencias modernas de educación continua y el e-learning  
650 |a TENDENCIAS  
650 |a MODERNIZACION  
650 |a ENSEÑANZA A DISTANCIA  
650 |a GLOBALIZACION  
650 |a AMERICA LATINA Y EL CARIBE  
773 |g número 44 -45; páginas 131-153  
999 |c 22798  |d 22798